| 000 | 01161cam a2200301 a 4500 | ||
|---|---|---|---|
| 001 | 11924291 | ||
| 003 | ARRUPE | ||
| 005 | 20140422172433.0 | ||
| 008 | 000228s2000 mau b 001 0aeng | ||
| 010 | _a 00028083 | ||
| 020 | _a1879007266 (pbk.) | ||
| 040 |
_aDLC _cDLC _dDLC |
||
| 041 | 1 |
_aeng _hita |
|
| 050 | 0 | 0 |
_aBX4705.L4325 _bA3 2000 |
| 082 | 0 | 0 |
_a271/.102 _aB _221 |
| 100 | 1 |
_aLeclercq, Jean, _d1911-1993. _99926 |
|
| 240 | 1 | 0 |
_aDi grazia a grazia. _lEnglish |
| 245 | 1 | 0 |
_aMemoirs : _bfrom grace to grace / _cJean Leclercq ; foreword by Inos Biffi ; translated by Paul C. Duggan. |
| 250 | _a1st ed. | ||
| 260 |
_aPetersham, Mass. : _bSt. Bede's Publications, _cc2000. |
||
| 300 |
_axiv, 194 p. ; _c23 cm. |
||
| 504 | _aIncludes bibliographical references and index. | ||
| 600 | 1 | 0 |
_aLeclercq, Jean, _d1911-1993. _99927 |
| 610 | 2 | 0 |
_aBenedictines _vBiography. _99928 |
| 906 |
_a7 _bcbc _corignew _d1 _eocip _f20 _gy-gencatlg |
||
| 942 |
_2lcc _cMONOGRAPH |
||
| 999 |
_c120422 _d120422 |
||